LIBRARY & INFORMATION CENTRE, KCAET, TAVANUR

ONLINE PUBLIC ACCESS CATALOGUE (OPAC)

Labhakaramaya Kozhivalarthal / (Record no. 10886)

MARC details
000 -LEADER
fixed length control field 00684cam a2200289ua 4500
041 ## - LANGUAGE CODE
Language code of text/sound track or separate title mal
082 ## - DEWEY DECIMAL CLASSIFICATION NUMBER
Classification number 636.5
Item number POT/LA
100 ## - MAIN ENTRY--AUTHOR NAME
Personal name Potti, S .
245 ## - TITLE STATEMENT
Title Labhakaramaya Kozhivalarthal /
250 ## - EDITION STATEMENT
Edition statement 1 /
260 ## - PUBLICATION, DISTRIBUTION, ETC. (IMPRINT)
Place of publication Thrissur :
Name of publisher Kerala Agricultural University ,
Year of publication 1980.
300 ## - PHYSICAL DESCRIPTION
Number of Pages 164 ; .
942 ## - ADDED ENTRY ELEMENTS (KOHA)
Koha item type Books
Holdings
Withdrawn status Lost status Damaged status Home library Current library Date acquired Full call number Accession Number Koha item type
      KAUAET KAUAET 07/04/2012 636.5 14079 Books
      KAUAET KAUAET 07/04/2012 636.5 14080 Books
      KAUAET KAUAET 07/04/2012 636.5 14083 Books
      KAUAET KAUAET 07/04/2012 636.5 14081 Books
      KAUAET KAUAET 07/04/2012 636.5 14085 Books
Withdrawn     KAUAET KAUAET 07/04/2012 636.5 14076 Books
      KAUAET KAUAET 07/04/2012 636.5 14078 Books
      KAUAET KAUAET 07/04/2012 636.5 13615 Books
      KAUAET KAUAET 07/04/2012 636.5 14084 Books
      KAUAET KAUAET 07/04/2012 636.5 14077 Books
free website counter